| 000 | 00867nam a2200277 a 4500 | ||
|---|---|---|---|
| 003 | AR-BaBNM | ||
| 005 | 20251128210320.0 | ||
| 008 | 082120s2002 ||||||||||||||000 | spa|| | ||
| 020 | _a84-331-0786-0 | ||
| 040 | _cAR-BaBNM | ||
| 245 | 0 | 0 |
_aAprendo a ser reflexivo/a _bprograma para el control de la impulsividad : educación primaria 1ero y 2do ciclos _n1 |
| 250 | _a1ª ed. | ||
| 260 |
_aMadrid _bEscuela Española _c1997 |
||
| 300 |
_a127 p. _bil. |
||
| 490 | 0 |
_aRecuperación y apoyo educativo _vv. 77 |
|
| 650 | 4 | _aINADAPTADOS | |
| 650 | 4 | _aDIFICULTADES EN EL APRENDIZAJE | |
| 650 | 4 | _aMEJORA DE LA EDUCACION | |
| 650 | 4 | _aPROCESO COGNOSCITIVO | |
| 650 | 4 | _aCOMPORTAMIENTO DEL ALUMNO | |
| 650 | 4 | _aACTIVIDADES DE APRENDIZAJE | |
| 653 | _aEDUCACION PRIMARIA | ||
| 700 | 1 |
_aVallés Arándiga, Antonio _ecoordinador |
|
| 942 | _cBK | ||
| 998 | _cCarmen | ||
| 999 |
_c14918 _d14918 |
||